Combating serious crimes in postconflict societies: a handbook for policymakers and practitioners (Record no. 158)
[ view plain ]
| 000 -LEADER | |
|---|---|
| fixed length control field | 00729nam a2200181 a 4500 |
| 008 - FIXED-LENGTH DATA ELEMENTS--GENERAL INFORMATION | |
| fixed length control field | 180208s2006 ||||||||||||||||| || u |
| 020 ## - INTERNATIONAL STANDARD BOOK NUMBER | |
| International Standard Book Number | 9781929223954 |
| 050 ## - LIBRARY OF CONGRESS CALL NUMBER | |
| Classification number | HV 7431 Com |
| 100 ## - MAIN ENTRY--PERSONAL NAME | |
| Personal name | Rausch, Colette |
| 245 10 - TITLE STATEMENT | |
| Title | Combating serious crimes in postconflict societies: a handbook for policymakers and practitioners |
| Statement of responsibility, etc. | Edited By Colette Rausch |
| 260 ## - PUBLICATION, DISTRIBUTION, ETC. | |
| Place of publication, distribution, etc. | Washington DC: |
| Name of publisher, distributor, etc. | United States Institute of Peace Press |
| Date of publication, distribution, etc. | 2006 |
| 300 ## - PHYSICAL DESCRIPTION | |
| Extent | xxiv, 184p.: ill. |
| 350 ## - | |
| -- | 12.00 |
| 650 ## - SUBJECT ADDED ENTRY--TOPICAL TERM | |
| Topical term or geographic name entry element | PEACE--BUILDING |
| 650 #0 - SUBJECT ADDED ENTRY--TOPICAL TERM | |
| Topical term or geographic name entry element | POSTWAR RECONSTRUCTION |
| 650 ## - SUBJECT ADDED ENTRY--TOPICAL TERM | |
| Topical term or geographic name entry element | CRIME PREVENTION |
| 995 ## - | |
| -- | AMERICAN CORNER |
| -- | 500444 |
| -- | CBU-DAG HAMMARSKJOLD INSTITUTE LIBRARY |
| -- | 12.00 |
| -- | HV 7431 Com |
| -- | 1 |
| -- | AVAILABLE |
| -- | Feb 8, 2018 |
| -- | 500444 |
| -- | DHIPS Book Collection |
| 999 ## - | |
| -- | 158 |
| -- | 158 |
| Withdrawn status | Lost status | Source of classification or shelving scheme | Damaged status | Not for loan | Permanent Location | Current Location | Shelving location | Date acquired | Total Checkouts | Full call number | Barcode | Date last seen | Price effective from | Koha item type |
|---|---|---|---|---|---|---|---|---|---|---|---|---|---|---|
| CBU-DAG HAMMARSKJOLD INSTITUTE | CBU-DAG HAMMARSKJOLD INSTITUTE | 11/28/2022 | HV 7431 Com | 500444 | 11/28/2022 | 11/28/2022 | MONOGRAPH |